Pick the Holiday Symbol Quiz Stats

 Plays Quiz Updated Sep 17, 2018

Score 0/20 Timer 05:00
0 Plays Today
Question Answer Wrong Answers
Which symbol is associated with Christmas? Christmas
97.4%
Easter
0.1%
Valentine's Day
0.2%
St. Patrick's Day
0.1%
Which symbol is associated with Valentine's Day? Valentine's Day
97.3%
Christmas
0.1%
Easter
0.1%
St. Patrick's Day
0.2%
Which symbol is associated with Earth Day? Earth Day
97.3%
Guy Fawkes Night
0.1%
Pi Day
0.2%
Day of the Dead
0.1%
Which symbol is associated with Easter? Easter
97.3%
Christmas
0.1%
Valentine's Day
0.2%
St. Patrick's Day
0.2%
Which symbol is associated with Halloween? Halloween
97.2%
Thanksgiving
0.4%
Hanukkah
0.1%
Kwanzaa
0.1%
Which symbol is associated with St. Patrick's Day? St. Patrick's Day
97.2%
Christmas
0.2%
Easter
0.1%
Valentine's Day
0.2%
Which symbol is associated with US Independence Day? US Independence Day
97.1%
Bastille Day
0.4%
Canada Day
0.2%
Cinco de Mayo
0.1%
Which symbol is associated with Canada Day? Canada Day
97.1%
Bastille Day
0.3%
US Independence Day
0.2%
Cinco de Mayo
0.2%
Which symbol is associated with Pi Day? Pi Day
97%
Guy Fawkes Night
0.4%
Earth Day
0.2%
Day of the Dead
0.3%
Which symbol is associated with Day of the Dead? Day of the Dead
96.5%
Guy Fawkes Night
1%
Pi Day
0.1%
Earth Day
0.1%
Which symbol is associated with Thanksgiving? Thanksgiving
96.1%
Halloween
1%
Hanukkah
0.3%
Kwanzaa
0.4%
Which symbol is associated with Cinco de Mayo? Cinco de Mayo
95.6%
Bastille Day
1.6%
Canada Day
0.3%
US Independence Day
0.2%
Which symbol is associated with Hanukkah? Hanukkah
94.6%
Thanksgiving
0.3%
Halloween
0.1%
Kwanzaa
2.8%
Which symbol is associated with Guy Fawkes Night? Guy Fawkes Night
93.6%
Pi Day
0.6%
Earth Day
0.5%
Day of the Dead
3.1%
Which symbol is associated with Chinese/Lunar New Year? Chinese New Year
92.2%
Remembrance Day
1%
Mardi Gras
0.4%
Passover
4.2%
Which symbol is associated with Kwanzaa? Kwanzaa
91.8%
Thanksgiving
0.7%
Halloween
0.1%
Hanukkah
5.2%
Which symbol is associated with Bastille Day? Bastille Day
91.2%
Canada Day
2.1%
US Independence Day
0.4%
Cinco de Mayo
4.1%
Which symbol is associated with Mardi Gras? Mardi Gras
90.6%
Chinese New Year
3.3%
Remembrance Day
1.8%
Passover
2.1%
Which symbol is associated with Passover? Passover
89.6%
Chinese New Year
2.1%
Remembrance Day
3.7%
Mardi Gras
2.3%
Which symbol is associated with Remembrance Day? Remembrance Day
89.1%
Chinese New Year
3.4%
Mardi Gras
2.4%
Passover
2.9%

You're not logged in!

Compare scores with friends on all Sporcle quizzes.
OR
Log In

Sporcle TV

Today on Sporcle TV


Watch our educational content, quiz creation guides, and fun videos on Sporcle TV.

Show Comments

Extras

Top Quizzes Today


Score Distribution

Your Account Isn't Verified!

In order to create a playlist on Sporcle, you need to verify the email address you used during registration. Go to your Sporcle Settings to finish the process.

Report this User

Report this user for behavior that violates our Community Guidelines.

Details: